000
00309 a2200133 4500
005
20250320134206.0
020
_a
0-471-61240-5
082
_a
515HEG
100
_a
HEGARTY, J.C.
245
_a
Applied Calculus
260
_a
New York
_b
Wiley
_c
1990
300
_a
xv, 608p., ill.,
_b
Index,
_c
24cm.
942
_2
ddc
_c
BKS
999
_c
1030
_d
1030